000 00683nam a22002177a 4500
999 _c6922
_d6922
003 OSt
005 20210510161911.0
008 210510b ||||| |||| 00| 0 eng d
020 _a067520943X
040 _cNLM
082 _aQT34 W381p 2018
100 _aWebb, Andrew
_914200
245 _aPrinciples of biomedical instrumentation
260 _a New York,:
_bCambridge University Press;
_c2018
300 _axx, 323 pages :
_b illustrations ;
_c26 cm
504 _aIncludes bibliographical references and index.
650 _aBiomedical materials.
_914201
650 _a Medical instruments and apparatus.
_910544
650 _a Equipment and Supplies.
_99626
942 _2z
_cBOOK